| Tag |
First Indicator |
Second Indicator |
Subfields |
| LEADER |
00000cam a2200000Ia 4500 |
| 001 |
in00002000547 |
| 005 |
20220105141708.0 |
| 006 |
m d |
| 007 |
cr cnu---unuuu |
| 008 |
040319s2003 enka sb 001 0 eng d |
| 020 |
|
|
|a 1417500654 (electronic bk.)
|
| 035 |
|
|
|a (OCoLC)ocm54770974
|
| 040 |
|
|
|a N$T
|c N$T
|d OCL
|d OCLCQ
|d UtOrBLW
|
| 043 |
|
|
|a e-uk---
|
| 049 |
|
|
|a IKMN
|
| 050 |
1 |
4 |
|a LC3736.G7
|b S69 2003eb
|
| 082 |
0 |
4 |
|a 370.11750941
|2 22
|
| 100 |
1 |
|
|a Smyth, Geri.
|0 http://id.loc.gov/authorities/names/no2003070806
|
| 245 |
1 |
0 |
|a Helping bilingual pupils to access the curriculum /
|c Geri Smyth.
|
| 264 |
|
1 |
|a London :
|b David Fulton,
|c [2003]
|
| 264 |
|
4 |
|c ©2003
|
| 300 |
|
|
|a vi, 114 pages :
|b illustrations ;
|c 25 cm.
|
| 336 |
|
|
|a text
|b txt
|2 rdacontent
|
| 337 |
|
|
|a computer
|b c
|2 rdamedia
|
| 338 |
|
|
|a online resource
|b cr
|2 rdacarrier
|
| 504 |
|
|
|a Includes bibliographical references (pages [110]-114) and indexes.
|
| 533 |
|
|
|a Electronic reproduction.
|b Boulder, Colo. :
|c NetLibrary,
|d 2004.
|n Available via World Wide Web.
|n Access may be limited to NetLibrary affiliated libraries.
|n Excludes some or all of the images which were part of the original book.
|
| 500 |
|
|
|a Electronic resource.
|
| 650 |
|
0 |
|a Education, Bilingual
|z Great Britain.
|0 http://id.loc.gov/authorities/subjects/sh2009101847
|
| 650 |
|
0 |
|a Special education
|z Great Britain.
|0 http://id.loc.gov/authorities/subjects/sh2010112118
|
| 655 |
|
7 |
|a Electronic books.
|2 local
|
| 710 |
2 |
|
|a NetLibrary, Inc.
|0 http://id.loc.gov/authorities/names/no99080690
|
| 776 |
1 |
|
|c Original
|z 1853468762
|w (OCoLC)50099923
|
| 856 |
4 |
1 |
|u https://proxy.library.tamu.edu/login?url=http://www.netLibrary.com/urlapi.asp?action=summary&v=1&bookid=104629
|z Connect to the full text of this electronic book
|t 0
|
| 994 |
|
|
|a 92
|b IKM
|
| 999 |
|
|
|a MARS
|
| 999 |
f |
f |
|s ad492bac-8fc9-3ffd-823b-246f2a71f797
|i 8922c649-bc9d-3af2-be9f-4f99e4519991
|t 0
|
| 952 |
f |
f |
|a Texas A&M University
|b College Station
|c Electronic Resources
|d Available Online
|t 0
|e LC3736.G7 S69 2003eb
|h Library of Congress classification
|
| 998 |
f |
f |
|a LC3736.G7 S69 2003eb
|t 0
|l Available Online
|